Endowment as a form of financing non profit organizations

Na minha lista:
Detalhes bibliográficos
Autor principal: Stanisz, Beata
Formato: Capítulo de Livro
Idioma:inglês
Assuntos:
Tags: Adicionar Tag
Sem tags, seja o primeiro a adicionar uma tag!

MARC

LEADER 00000naa$a2200000$$$4500
001 0015108
005 20221128113021.8
041 0 |a eng 
044 |a SK 
245 1 0 |a Endowment as a form of financing non profit organizations  |c aut. Beata Stanisz 
610 2 0 |a organizácie neziskové 
610 2 0 |a financovanie 
610 2 0 |a dotácie 
610 2 0 |a investovanie 
610 2 0 |a sponzorovanie 
610 2 0 |a Poľsko 
100 1 |a Stanisz, Beata